000 00418nam a2200181Ia 4500
005 20250603145628.0
008 250603s9999 xx 000 0 und d
020 _a9789811041549
050 _aQA 76.73.P98 .L44/
100 _aLee, Kent D.
245 0 _aPython programming fundamentals
250 _a2nd ed.
260 _aNew York
260 _bSpringer
260 _c2014
650 _aNew York
942 _cBK
999 _c42393
_d42393